|
|
|
|
| LEADER |
00000nam a2200000 a 4500 |
| 001 |
UCO4198 |
| 003 |
CL-VaPUC |
| 008 |
000728e19290000CL |||||||||||||||||spa|d |
| 082 |
0 |
4 |
|a 310.983
|b DIR
|2 21
|
| 110 |
2 |
|
|a Dirección General de Estadística
|e author
|9 448424
|
| 245 |
1 |
0 |
|a Sinopsis estadística de la República de Chile 1926-27
|
| 300 |
|
|
|a 147 p
|
| 942 |
|
|
|c BK
|
| 945 |
|
|
|d 20000728 00:00:00
|a crobeson
|
| 260 |
|
|
|a Santiago
|b Universo
|c 1929
|
| 650 |
|
0 |
|a Estadísticas
|9 258644
|
| 650 |
|
0 |
|a Demografía
|9 260008
|
| 650 |
|
0 |
|a Población
|9 257577
|
| 651 |
|
7 |
|a CHILE
|2 CL-VaPUC
|9 448425
|
| 583 |
|
|
|a last modification
|c 20120830 11:21:33
|k Rodrigo Vera
|
| 999 |
|
|
|c 290263
|d 290261
|
| 952 |
|
|
|0 0
|1 0
|4 0
|6 310_983000000000000_DIR_1929
|7 0
|8 X
|9 339589
|a BIBHIS
|b BIBHIS
|d 2019-11-20
|i 1211773
|o 310.983 DIR 1929
|p 1211773
|r 2024-01-30
|w 2019-11-20
|y BK_X
|k HIS
|